00382nam a2200169Ia 4500003000400000005001700004008004100021020001800062040000700080041000800087082002400095100001700119245001000136260003100146300001200177650002300189OSt20230403113457.0210423s1977 xx 000 0 und d a0-330-25301-8 cAL aeng a973.0496 223bHALR aHALEY (Alex) aRoots aLondonbPan Book Ltdc1977 a688bPB aHistory of America